Evaluación de la calidad de los bloques en la ciudad de Managua

Presenta la evaluación de la calidad de los bloques en la ciudad de Managua, se describe en detalle sobre las materias primas que utilizan las fábricas, descripción del proceso de fabricación, así como la capacidad de producción de acuerdo al tipo de maquina a utilizar.

Bibliographic Details
Main Author: Castro Altamirano, Karla Vanesa
Other Authors: Tutor: Zamora Lacayo, Aldo José
Format: Tesis Section = Libro
Language:Undetermined
Spanish
Published: Managua UNI 2011
Subjects:
LEADER 01043nam a2200253Ia 4500
008 240830s9999 xx 000 0 und d
040 |a BIBLIOTECA-RUPAP T.Mon 693.4 C355 
041 |a spa 
082 |a T.Mon 693.4 C355 
100 1 |a Castro Altamirano, Karla Vanesa 
245 1 0 |a Evaluación de la calidad de los bloques en la ciudad de Managua 
260 |a Managua  |b UNI  |c 2011 
300 |a 74 p. :il. 
500 |a Contiene: anexos. 
502 |a Tesis (Ingeniero Civil)- UNI, 2011. 
520 3 |a Presenta la evaluación de la calidad de los bloques en la ciudad de Managua, se describe en detalle sobre las materias primas que utilizan las fábricas, descripción del proceso de fabricación, así como la capacidad de producción de acuerdo al tipo de maquina a utilizar. 
650 7 |a BLOQUES – CALIDAD DE LOS BLOQUES 
650 7 |b BLOQUES DE CONCRETO 
650 7 |c FRABRICACION DE BLOQUES 
650 7 |d PRODUCCION DE BLOQUES 
700 1 |a Tutor:  |b Zamora Lacayo, Aldo José 
942 |c BK  |2 ddc 
991 |a TESIS 
999 |c 18823